Kabale University Library Catalogue

Women's rights and violence : (Record no. 5949)

MARC details
000 -LEADER
fixed length control field 00916cam a2200241 a 4500
005 - DATE AND TIME OF LATEST TRANSACTION
control field 20260202163828.0
008 - FIXED-LENGTH DATA ELEMENTS--GENERAL INFORMATION
fixed length control field 080731s2006 ug b 001 0 eng
020 ## - INTERNATIONAL STANDARD BOOK NUMBER
Canceled/invalid ISBN 9970832097
040 ## - CATALOGING SOURCE
Original cataloging agency KABLIB
Transcribing agency KABLIB
Description conventions rda
082 ## - DEWEY DECIMAL CLASSIFICATION NUMBER
Edition number 23
Classification number 323
Item number WOM
245 00 - TITLE STATEMENT
Title Women's rights and violence :
Remainder of title global challenges /
Statement of responsibility, etc. editor, Flavia Munaaba.
260 ## - PUBLICATION, DISTRIBUTION, ETC.
Place of publication, distribution, etc. Kampala, Uganda :
Name of publisher, distributor, etc. Dept. of Women and Gender Studies,
Date of publication, distribution, etc. c2006.
300 ## - PHYSICAL DESCRIPTION
Extent xxiii, 276 p. ;
Dimensions 21 cm.
490 0# - SERIES STATEMENT
Series statement Gendered world series
504 ## - BIBLIOGRAPHY, ETC. NOTE
Bibliography, etc. note Includes bibliographical references (p. 271-273), index.
650 #0 - SUBJECT ADDED ENTRY--TOPICAL TERM
Topical term or geographic name entry element Women
General subdivision Violence against.
9 (RLIN) 15011
650 #0 - SUBJECT ADDED ENTRY--TOPICAL TERM
Topical term or geographic name entry element Women
General subdivision Crimes against.
9 (RLIN) 15012
650 #0 - SUBJECT ADDED ENTRY--TOPICAL TERM
Topical term or geographic name entry element Women's rights.
700 1# - ADDED ENTRY--PERSONAL NAME
Personal name Munaaba, Flavia.
9 (RLIN) 15013
710 2# - ADDED ENTRY--CORPORATE NAME
Corporate name or jurisdiction name as entry element Makerere University.
Subordinate unit Department of Women & Gender Studies.
9 (RLIN) 10127
856 41 - ELECTRONIC LOCATION AND ACCESS
Materials specified Table of contents only
Uniform Resource Identifier <a href="http://www.loc.gov/catdir/toc/fy1002/2008346702.html">http://www.loc.gov/catdir/toc/fy1002/2008346702.html</a>
942 ## - ADDED ENTRY ELEMENTS (KOHA)
Source of classification or shelving scheme Dewey Decimal Classification
Koha item type Book
Holdings
Withdrawn status Lost status Source of classification or shelving scheme Damaged status Not for loan Home library Current library Shelving location Date acquired Source of acquisition Total Checkouts Full call number Barcode Date last seen Price effective from Koha item type
    Dewey Decimal Classification     Mukombe Library Mukombe Library Open Access Section 02.02.2026 Donation   323 WOM 14469 02.02.2026 02.02.2026 Book

Kabale University Library | Kabale University P.O Box 317, Kabale, Uganda
Tel : +256754017033, +256774661503 E-mail : library@kab.ac.ug